000 00687nam a2200193 a 4500
008 120416s1982 ||||||||||||||||| || u
020 _a0855980648
050 _aSB 951 Bul
100 _aBull, David
245 1 2 _aA growing problem: pesticides and the third world poor
260 _aOxford:
_bOxfam
_c1982
300 _a197p. : ill.
350 _a0.00
650 _aPLANTS
650 _aPESTICIDE EXPOSURE--DEVELOPING COUNTRIES
650 _aFOOD SUPPLY--DEVELOPING COUNTRIES
650 _aPESTICIDES--DEVELOPING COUNTRIES
995 _D0.00
_FCBU-MAIN LIBRARY (Kitwe)
_H1
_I9.95
_M1
_UAVAILABLE
_ZAnnex Low-Usage Collection
999 _c45000
_d45000